000 00574nab a2200181 4500
999 _c372337
_d372337
001 90031
003 OSt
005 20230331142511.0
007 tu
008 110905s2000|||||||
040 _aDE-2950
_cDE-2950
245 0 0 _aEntdecker-Touren für Kinder.
_bAusflüge. in der Deutsch-Polnischen Tourist-Information gibt es jetzt einen besonderen Stadtführer für Familien.
264 _c2023
653 _aFrankfurt (Oder)
653 _aStadtführer / Familien
773 0 _g34. Jahrgang (2023) Nr. 74, 29.03.2023, S. 15: mit Foto
_tMärkische Oderzeitung
942 _2z
_cA